Central Library OPAC University of Rajshahi

The logic of social systems : (Record no. 59645)

MARC details
000 -LEADER
fixed length control field 00976nam a2200277 a 4500
001 - CONTROL NUMBER
control field 59645
003 - CONTROL NUMBER IDENTIFIER
rucl marc code BD-RjUL
005 - DATE AND TIME OF LATEST TRANSACTION
control field 20211209080744.0
008 - FIXED-LENGTH DATA ELEMENTS--GENERAL INFORMATION
fixed length control field 161226r19761974cau b 001 0 eng
020 ## - INTERNATIONAL STANDARD BOOK NUMBER
International Standard Book Number 0875892213
035 ## - SYSTEM CONTROL NUMBER
System control number (BD-RjUL) 59769
040 ## - CATALOGING SOURCE
Original cataloging agency DLC
Transcribing agency DLC
Modifying agency DLC
-- BD-RjUL
Language of cataloging eng
041 ## - LANGUAGE CODE
Language code of text/sound track or separate title eng
082 00 - DEWEY DECIMAL CLASSIFICATION NUMBER
Classification number 301
Edition number 23
Author mark and year KUL 1976
100 1# - MAIN ENTRY--PERSONAL NAME
Personal name Kuhn, Alfred,
Dates associated with a name 1914-
9 (RLIN) 177470
245 14 - TITLE STATEMENT
Title The logic of social systems :
Remainder of title a unified, deductive, system-based approach to social science /
Statement of responsibility, etc. Alfred Kuhn ; Foreword by Kenneth E. Boulding.
260 ## - PUBLICATION, DISTRIBUTION, ETC. (IMPRINT)
Place of publication, distribution, etc. San Francisco :
Name of publisher, distributor, etc. Jossey-Bass Publishers,
Date of publication, distribution, etc. 1974 [Printing 1976]
300 ## - PHYSICAL DESCRIPTION
Pagination xxx, 534 p. ;
Size 24 cm.
490 0# - SERIES STATEMENT
Series statement The Jossey-Bass behavioral science series
504 ## - BIBLIOGRAPHY, ETC. NOTE
Bibliography, etc Bibliography: p. 510-517.
650 #0 - SUBJECT ADDED ENTRY--TOPICAL TERM
Topical term or geographic name as entry element Social sciences
General subdivision Methodology.
9 (RLIN) 170806
Topical term or geographic name as entry element System theory.
9 (RLIN) 177471
Topical term or geographic name as entry element Social systems.
9 (RLIN) 171938
830 ## - SERIES ADDED ENTRY--UNIFORM TITLE
Uniform title The Jossey-Bass behavioral science series
942 ## - ADDED ENTRY ELEMENTS (KOHA)
Source of classification or shelving scheme Dewey Decimal Classification
Koha item type Books
Holdings
Lost status Source of classification or shelving scheme Damaged status Not for loan Collection code Permanent Location Current Location Shelving location Date acquired Source of acquisition Total Checkouts Full call number Date last seen Copy number Koha item type
  Dewey Decimal Classification   Not For Loan Non-fiction Central Library, University of Rajshahi Central Library, University of Rajshahi Reading Room 18/07/1985 Asian Foundation   301 KUL 1976 26/12/2016 C-1 Books